000 00351 a2200145 4500
999 _c3855
_d3855
020 _a0869223607
050 _aML 350.5 ZIN 1985
100 _aZindi, Fred
245 _aRoots rocking in Zimbabwe
_cFred Zindi
264 _aGweru
_bMambo Press
_c1985
300 _a92p.
500 _aincludes index
650 _aMusic
942 _2lcc
_cBK
_h350.5
_iZIN
_kML